{"text_format":"3","workbook":"xlsx","n_sheets":1,"sheets":["t258"],"read":"whole","date_system":"1900"}

{"sheet":"t258","index":0,"n_rows":257,"n_cols":7,"rows_kept":257,"merged":[[0,0,0,6],[28,0,28,5],[47,0,47,5],[174,0,174,5]]}
["TABELA 258.1 - Estatísticas Agrícolas, Município de Itapira, Estado de São Paulo, 2016/17."]
["ITEM","UNIDADE","N.DE UPAs","MÍNIMO","MÉDIO","MÁXIMO","TOTAL"]
["Distância à sede do município","km",903,{"v":1,"d":"1.0"},{"v":11.58,"d":"11.6"},{"v":30,"d":"30.0"},"-"]
["Área total","hectare",903,0.5,{"v":48.77,"d":"48.8"},{"v":2020.4,"d":"2,020.4"},{"v":44039.84,"d":"44,039.8"}]
["Área com cultura perene","hectare",227,0.1,{"v":10.58,"d":"10.6"},325.9,{"v":2400.6,"d":"2,400.6"}]
["Área com cultura temporária","hectare",412,0.1,{"v":22.28,"d":"22.3"},{"v":1232,"d":"1,232.0"},{"v":9180.7,"d":"9,180.7"}]
["Área com pastagem","hectare",757,0.1,{"v":28.12,"d":"28.1"},710.7,{"v":21289.7,"d":"21,289.7"}]
["Área com reflorestamento","hectare",198,0.1,{"v":13.29,"d":"13.3"},{"v":240,"d":"240.0"},{"v":2630.8,"d":"2,630.8"}]
["Área com vegetação natural","hectare",477,0.1,{"v":9.88,"d":"9.9"},{"v":241,"d":"241.0"},{"v":4713.87,"d":"4,713.9"}]
["Área com vegetação de brejo e várzea","hectare",84,0.1,{"v":19.69,"d":"19.7"},467.4,{"v":1653.87,"d":"1,653.9"}]
["Área em descanso","hectare",31,0.2,{"v":20.01,"d":"20.0"},346.3,620.2]
["Área complementar","hectare",802,0.1,{"v":1.93,"d":"1.9"},{"v":121,"d":"121.0"},{"v":1550.1,"d":"1,550.1"}]
["Área das UPAs com (0, 1] ha","hectare",11,0.5,{"v":0.75,"d":"0.8"},0.9,8.2]
["Área das UPAs com (1, 2] ha","hectare",36,1.1,{"v":1.71,"d":"1.7"},{"v":2,"d":"2.0"},61.6]
["Área das UPAs com (2, 5] ha","hectare",178,2.1,3.6,{"v":5,"d":"5.0"},640.7]
["Área das UPAs com (5, 10] ha","hectare",175,5.1,{"v":7.63,"d":"7.6"},{"v":10,"d":"10.0"},{"v":1335.77,"d":"1,335.8"}]
["Área das UPAs com (10, 20] ha","hectare",192,10.1,{"v":14.43,"d":"14.4"},{"v":20,"d":"20.0"},{"v":2770.3,"d":"2,770.3"}]
["Área das UPAs com (20, 50] ha","hectare",147,20.3,31.3,{"v":49,"d":"49.0"},{"v":4600.8,"d":"4,600.8"}]
["Área das UPAs com (50, 100] ha","hectare",63,50.2,{"v":71.16,"d":"71.2"},99.2,{"v":4483.2,"d":"4,483.2"}]
["Área das UPAs com (100, 200] ha","hectare",41,100.8,{"v":135.99,"d":"136.0"},198.4,{"v":5575.5,"d":"5,575.5"}]
["Área das UPAs com (200, 500] ha","hectare",49,{"v":202,"d":"202.0"},{"v":291.15,"d":"291.2"},484.3,{"v":14266.47,"d":"14,266.5"}]
["Área das UPAs com (500, 1.000] ha","hectare",9,{"v":595,"d":"595.0"},{"v":770.46,"d":"770.5"},983.4,{"v":6934.1,"d":"6,934.1"}]
["Área das UPAs com (1.000, 2.000] ha","hectare",1,{"v":1342.8,"d":"1,342.8"},{"v":1342.8,"d":"1,342.8"},{"v":1342.8,"d":"1,342.8"},{"v":1342.8,"d":"1,342.8"}]
["Área das UPAs com (2.000, 5.000] ha","hectare",1,{"v":2020.4,"d":"2,020.4"},{"v":2020.4,"d":"2,020.4"},{"v":2020.4,"d":"2,020.4"},{"v":2020.4,"d":"2,020.4"}]
["Área das UPAs com (5.000, 10.000] ha","hectare","-","-","-","-","-"]
["Área das UPAs acima de 10.000 ha","hectare","-","-","-","-","-"]
["Fonte: Secretaria de Agricultura e Abastecimento, CDRS/IEA, Projeto LUPA."]
[]
["TABELA 258.2 - Explorações Animais, Município de Itapira, Estado de São Paulo, 2016/17."]
["ITEM","UNIDADE","N.DE UPAs","MÍNIMO","MÉDIO","MÁXIMO","TOTAL"]
["Apicultura","colmeias",5,{"v":8,"d":"8.0"},29.6,{"v":80,"d":"80.0"},{"v":148,"d":"148.0"}]
["Asininos e muares","cabecas",69,{"v":1,"d":"1.0"},{"v":2.91,"d":"2.9"},{"v":35,"d":"35.0"},{"v":201,"d":"201.0"}]
["Avicultura de corte","cabecas/ano",29,{"v":56000,"d":"56,000.0"},{"v":375206.9,"d":"375,206.9"},{"v":1200000,"d":"1,200,000.0"},{"v":10881000,"d":"10,881,000.0"}]
["Avicultura ornamental/decorativa/exotica","cabecas",3,{"v":24,"d":"24.0"},{"v":74.67,"d":"74.7"},{"v":150,"d":"150.0"},{"v":224,"d":"224.0"}]
["Avicultura para ovos","cabecas",3,{"v":30,"d":"30.0"},{"v":1260,"d":"1,260.0"},{"v":3700,"d":"3,700.0"},{"v":3780,"d":"3,780.0"}]
["Bovinocultura de corte","cabecas",368,{"v":1,"d":"1.0"},{"v":63.27,"d":"63.3"},{"v":1269,"d":"1,269.0"},{"v":23285,"d":"23,285.0"}]
["Bovinocultura leiteira","cabecas",75,{"v":1,"d":"1.0"},{"v":29.56,"d":"29.6"},{"v":210,"d":"210.0"},{"v":2217,"d":"2,217.0"}]
["Bovinocultura mista","cabecas",9,{"v":2,"d":"2.0"},{"v":38.78,"d":"38.8"},{"v":246,"d":"246.0"},{"v":349,"d":"349.0"}]
["Bubalinocultura","cabecas",1,{"v":30,"d":"30.0"},{"v":30,"d":"30.0"},{"v":30,"d":"30.0"},{"v":30,"d":"30.0"}]
["Caprinocultura","cabecas",13,{"v":2,"d":"2.0"},{"v":14.15,"d":"14.2"},{"v":100,"d":"100.0"},{"v":184,"d":"184.0"}]
["Equinocultura","cabecas",281,{"v":1,"d":"1.0"},{"v":6.31,"d":"6.3"},{"v":300,"d":"300.0"},{"v":1773,"d":"1,773.0"}]
["Ovinocultura","cabecas",37,{"v":2,"d":"2.0"},{"v":34.97,"d":"35.0"},{"v":200,"d":"200.0"},{"v":1294,"d":"1,294.0"}]
["Piscicultura","m2 tanques",23,{"v":200,"d":"200.0"},{"v":7190.43,"d":"7,190.4"},{"v":24000,"d":"24,000.0"},{"v":165380,"d":"165,380.0"}]
["Ranicultura","girinos/ano",1,{"v":20000,"d":"20,000.0"},{"v":20000,"d":"20,000.0"},{"v":20000,"d":"20,000.0"},{"v":20000,"d":"20,000.0"}]
["Suinocultura","cabecas",104,{"v":1,"d":"1.0"},{"v":17.13,"d":"17.1"},{"v":500,"d":"500.0"},{"v":1782,"d":"1,782.0"}]
["Fonte: Secretaria de Agricultura e Abastecimento, CDRS/IEA, Projeto LUPA."]
[]
["TABELA 258.3 -  Máquinas, Implementos e Benfeitorias, Município de Itapira, Estado de São Paulo, 2016/17."]
["ITEM","UNIDADE","N.DE UPAs","MÍNIMO","MÉDIO","MÁXIMO","TOTAL"]
["Arado comum (bacia, aiveca)","unidade",213,{"v":1,"d":"1.0"},{"v":1.18,"d":"1.2"},{"v":10,"d":"10.0"},{"v":252,"d":"252.0"}]
["Arado escarificador","unidade",30,{"v":1,"d":"1.0"},1.1,{"v":3,"d":"3.0"},{"v":33,"d":"33.0"}]
["Arado subsolador","unidade",36,{"v":1,"d":"1.0"},{"v":1.19,"d":"1.2"},{"v":5,"d":"5.0"},{"v":43,"d":"43.0"}]
["Batedeira de cereais","unidade",31,{"v":1,"d":"1.0"},{"v":1.03,"d":"1.0"},{"v":2,"d":"2.0"},{"v":32,"d":"32.0"}]
["Camara fria","unidade",3,{"v":1,"d":"1.0"},{"v":2.67,"d":"2.7"},{"v":6,"d":"6.0"},{"v":8,"d":"8.0"}]
["Carregadeira de cana","unidade",5,{"v":1,"d":"1.0"},{"v":3,"d":"3.0"},{"v":7,"d":"7.0"},{"v":15,"d":"15.0"}]
["Carreta de trator","unidade",316,{"v":1,"d":"1.0"},{"v":1.37,"d":"1.4"},{"v":10,"d":"10.0"},{"v":433,"d":"433.0"}]
["Colhedeira acoplada","unidade",21,{"v":1,"d":"1.0"},{"v":1.19,"d":"1.2"},{"v":2,"d":"2.0"},{"v":25,"d":"25.0"}]
["Colhedeira automotriz","unidade",6,{"v":1,"d":"1.0"},3.5,{"v":16,"d":"16.0"},{"v":21,"d":"21.0"}]
["Computador","unidade",57,{"v":1,"d":"1.0"},{"v":3.51,"d":"3.5"},{"v":99,"d":"99.0"},{"v":200,"d":"200.0"}]
["Conj.irrigacao autopropelido","unidade",2,{"v":2,"d":"2.0"},{"v":4,"d":"4.0"},{"v":6,"d":"6.0"},{"v":8,"d":"8.0"}]
["Conj.irrigacao convencional","unidade",50,{"v":1,"d":"1.0"},{"v":1.28,"d":"1.3"},{"v":3,"d":"3.0"},{"v":64,"d":"64.0"}]
["Conj.irrigacao pivot central","unidade",2,{"v":1,"d":"1.0"},{"v":1,"d":"1.0"},{"v":1,"d":"1.0"},{"v":2,"d":"2.0"}]
["Conj.irrigacao/gotejamento/microaspersao","unidade",23,{"v":1,"d":"1.0"},{"v":1.26,"d":"1.3"},{"v":5,"d":"5.0"},{"v":29,"d":"29.0"}]
["Conjunto de fenacao","unidade",11,{"v":1,"d":"1.0"},{"v":1.09,"d":"1.1"},{"v":2,"d":"2.0"},{"v":12,"d":"12.0"}]
["Desintegrador de palha (plantio direto)","unidade",1,{"v":1,"d":"1.0"},{"v":1,"d":"1.0"},{"v":1,"d":"1.0"},{"v":1,"d":"1.0"}]
["Desintegrador, picador, triturador","unidade",302,{"v":1,"d":"1.0"},{"v":1.12,"d":"1.1"},{"v":3,"d":"3.0"},{"v":337,"d":"337.0"}]
["Distribuidor de calcario","unidade",69,{"v":1,"d":"1.0"},{"v":1.14,"d":"1.1"},{"v":2,"d":"2.0"},{"v":79,"d":"79.0"}]
["Embarcação","unidade",2,{"v":1,"d":"1.0"},{"v":1,"d":"1.0"},{"v":1,"d":"1.0"},{"v":2,"d":"2.0"}]
["Ensiladeira","unidade",230,{"v":1,"d":"1.0"},{"v":1.13,"d":"1.1"},{"v":5,"d":"5.0"},{"v":259,"d":"259.0"}]
["Grade aradora (tipo romi)","unidade",68,{"v":1,"d":"1.0"},{"v":1.18,"d":"1.2"},{"v":4,"d":"4.0"},{"v":80,"d":"80.0"}]
["Grade niveladora","unidade",196,{"v":1,"d":"1.0"},{"v":1.18,"d":"1.2"},{"v":4,"d":"4.0"},{"v":231,"d":"231.0"}]
["Implementos para tracao animal","unidade",33,{"v":1,"d":"1.0"},{"v":1.94,"d":"1.9"},{"v":6,"d":"6.0"},{"v":64,"d":"64.0"}]
["Máquina de classificar frutas","unidade",1,{"v":1,"d":"1.0"},{"v":1,"d":"1.0"},{"v":1,"d":"1.0"},{"v":1,"d":"1.0"}]
["Misturador de racao","unidade",37,{"v":1,"d":"1.0"},{"v":1.14,"d":"1.1"},{"v":3,"d":"3.0"},{"v":42,"d":"42.0"}]
["Mmicrotrator","unidade",24,{"v":1,"d":"1.0"},{"v":1.13,"d":"1.1"},{"v":2,"d":"2.0"},{"v":27,"d":"27.0"}]
["Ordenhadeira mecanica","unidade",44,{"v":1,"d":"1.0"},{"v":1.02,"d":"1.0"},{"v":2,"d":"2.0"},{"v":45,"d":"45.0"}]
["Pulverizador tratorizado","unidade",109,{"v":1,"d":"1.0"},{"v":1.45,"d":"1.5"},{"v":10,"d":"10.0"},{"v":158,"d":"158.0"}]
["Resfriador de leite, tanque expansao","unidade",29,{"v":1,"d":"1.0"},{"v":1.17,"d":"1.2"},{"v":3,"d":"3.0"},{"v":34,"d":"34.0"}]
["Retroescavadeira","unidade",2,{"v":1,"d":"1.0"},{"v":1,"d":"1.0"},{"v":1,"d":"1.0"},{"v":2,"d":"2.0"}]
["Roçadeira costal","unidade",98,{"v":1,"d":"1.0"},{"v":1.49,"d":"1.5"},{"v":6,"d":"6.0"},{"v":146,"d":"146.0"}]
["Roçadeira tratorizada","unidade",93,{"v":1,"d":"1.0"},1.3,{"v":13,"d":"13.0"},{"v":121,"d":"121.0"}]
["Roçadora","unidade",36,{"v":1,"d":"1.0"},{"v":1.28,"d":"1.3"},{"v":6,"d":"6.0"},{"v":46,"d":"46.0"}]
["Semeadeira/adubadeira para plantio convencional","unidade",42,{"v":1,"d":"1.0"},{"v":1.07,"d":"1.1"},{"v":3,"d":"3.0"},{"v":45,"d":"45.0"}]
["Semeadeira/plantadeira plantio direto","unidade",13,{"v":1,"d":"1.0"},{"v":1.15,"d":"1.2"},{"v":2,"d":"2.0"},{"v":15,"d":"15.0"}]
["Tanque rede","m3",1,{"v":12,"d":"12.0"},{"v":12,"d":"12.0"},{"v":12,"d":"12.0"},{"v":12,"d":"12.0"}]
["Tecnologias de gps para controle de máquinas","unidade",1,{"v":6,"d":"6.0"},{"v":6,"d":"6.0"},{"v":6,"d":"6.0"},{"v":6,"d":"6.0"}]
["Terraceador","unidade",2,{"v":1,"d":"1.0"},{"v":1,"d":"1.0"},{"v":1,"d":"1.0"},{"v":2,"d":"2.0"}]
["Trator de esteiras","unidade",15,{"v":1,"d":"1.0"},{"v":1.07,"d":"1.1"},{"v":2,"d":"2.0"},{"v":16,"d":"16.0"}]
["Trator de pneus  acima de 85 cv","unidade",24,{"v":1,"d":"1.0"},{"v":3.25,"d":"3.3"},{"v":40,"d":"40.0"},{"v":78,"d":"78.0"}]
["Trator de pneus até 65 cv","unidade",300,{"v":1,"d":"1.0"},{"v":1.25,"d":"1.3"},{"v":4,"d":"4.0"},{"v":376,"d":"376.0"}]
["Trator de pneus de 66 cv a 85 cv","unidade",93,{"v":1,"d":"1.0"},{"v":1.63,"d":"1.6"},{"v":9,"d":"9.0"},{"v":152,"d":"152.0"}]
["Acude/represa","unidade",467,{"v":1,"d":"1.0"},{"v":2.19,"d":"2.2"},{"v":15,"d":"15.0"},{"v":1025,"d":"1,025.0"}]
["Adega cantina","unidade",2,{"v":1,"d":"1.0"},{"v":1,"d":"1.0"},{"v":1,"d":"1.0"},{"v":2,"d":"2.0"}]
["Alambique","unidade",8,{"v":1,"d":"1.0"},{"v":1,"d":"1.0"},{"v":1,"d":"1.0"},{"v":8,"d":"8.0"}]
["Almoxarifado/oficina","unidade",69,{"v":1,"d":"1.0"},{"v":1.12,"d":"1.1"},{"v":2,"d":"2.0"},{"v":77,"d":"77.0"}]
["Armazem para graos ensacados","sacas",39]
["Balanca para bovinos","unidade",22,{"v":1,"d":"1.0"},{"v":1,"d":"1.0"},{"v":1,"d":"1.0"},{"v":22,"d":"22.0"}]
["Balanca para veiculos","unidade",4,{"v":1,"d":"1.0"},{"v":1,"d":"1.0"},{"v":1,"d":"1.0"},{"v":4,"d":"4.0"}]
["Barracao para cultivo de cogumelo","unidade",2,{"v":1,"d":"1.0"},1.5,{"v":2,"d":"2.0"},{"v":3,"d":"3.0"}]
["Barracao para granja/avicultura","unidade",61,{"v":1,"d":"1.0"},{"v":3.34,"d":"3.3"},{"v":15,"d":"15.0"},{"v":204,"d":"204.0"}]
["Barracao/galpao/garagem","unidade",407,{"v":1,"d":"1.0"},{"v":1.21,"d":"1.2"},{"v":4,"d":"4.0"},{"v":491,"d":"491.0"}]
["Biodigestor","unidade",1,{"v":1,"d":"1.0"},{"v":1,"d":"1.0"},{"v":1,"d":"1.0"},{"v":1,"d":"1.0"}]
["Casa de moradia habitada","unidade",600,{"v":1,"d":"1.0"},{"v":1.98,"d":"2.0"},{"v":20,"d":"20.0"},{"v":1185,"d":"1,185.0"}]
["Casa de moradia total","unidade",722,{"v":1,"d":"1.0"},{"v":2.79,"d":"2.8"},{"v":32,"d":"32.0"},{"v":2014,"d":"2,014.0"}]
["Curral/mangueira","unidade",480,{"v":1,"d":"1.0"},{"v":1.07,"d":"1.1"},{"v":5,"d":"5.0"},{"v":515,"d":"515.0"}]
["Deposito/tulha","unidade",376,{"v":1,"d":"1.0"},{"v":1.14,"d":"1.1"},{"v":4,"d":"4.0"},{"v":430,"d":"430.0"}]
["Engenho","unidade",1,{"v":1,"d":"1.0"},{"v":1,"d":"1.0"},{"v":1,"d":"1.0"},{"v":1,"d":"1.0"}]
["Estabulo","unidade",90,{"v":1,"d":"1.0"},{"v":1.01,"d":"1.0"},{"v":2,"d":"2.0"},{"v":91,"d":"91.0"}]
["Estufa/plasticultura","m2",29]
["Fabrica de racao","unidade",7,{"v":1,"d":"1.0"},{"v":1,"d":"1.0"},{"v":1,"d":"1.0"},{"v":7,"d":"7.0"}]
["Instalacoes para equinos","unidade",64,{"v":1,"d":"1.0"},{"v":3.63,"d":"3.6"},{"v":17,"d":"17.0"},{"v":232,"d":"232.0"}]
["Maquina de beneficio","unidade",19,{"v":1,"d":"1.0"},{"v":1.05,"d":"1.1"},{"v":2,"d":"2.0"},{"v":20,"d":"20.0"}]
["Olaria","unidade",4,{"v":1,"d":"1.0"},{"v":1.25,"d":"1.3"},{"v":2,"d":"2.0"},{"v":5,"d":"5.0"}]
["Packing house","unidade",3,{"v":1,"d":"1.0"},{"v":1,"d":"1.0"},{"v":1,"d":"1.0"},{"v":3,"d":"3.0"}]
["Pocilga","unidade",149,{"v":1,"d":"1.0"},{"v":1.11,"d":"1.1"},{"v":6,"d":"6.0"},{"v":165,"d":"165.0"}]
["Poco semi-artesiano","unidade",64,{"v":1,"d":"1.0"},{"v":1.14,"d":"1.1"},{"v":3,"d":"3.0"},{"v":73,"d":"73.0"}]
["Secador de graos","unidade",20,{"v":1,"d":"1.0"},1.8,{"v":5,"d":"5.0"},{"v":36,"d":"36.0"}]
["Silo para graos","ton",2]
["Silo para silagem","ton",51]
["Terreiro","m2",212]
["Fonte: Secretaria de Agricultura e Abastecimento, CDRS/IEA, Projeto LUPA."]
[]
["TABELA 258.4 - Outras Estatísticas Agrícolas, Município de Itapira, Estado de São Paulo, 2016/17."]
["ITEM","Número de UPAs",null,"Percentual"]
["Faz Parte de Associação de Produtores",44,null,{"v":4.872646733111849,"d":"4.9"}]
["Faz Parte de Cooperativa de Produtores",98,null,{"v":10.852713178294573,"d":"10.9"}]
["Faz Parte do Sindicato de Produtores",265,null,{"v":29.346622369878183,"d":"29.3"}]
["Não utiliza assistência técnica ",390,null,{"v":43.18936877076412,"d":"43.2"}]
["Utiliza somente assistência técnica governamental ",239,null,{"v":26.46733111849391,"d":"26.5"}]
["Utiliza somente assistência técnica privada ",143,null,{"v":15.83610188261351,"d":"15.8"}]
["Utiliza assistência técnica tanto governamental quanto privada",131,null,{"v":14.50719822812846,"d":"14.5"}]
["Utiliza Crédito Rural",152,null,{"v":16.832779623477297,"d":"16.8"}]
["Utiliza Seguro Rural",96,null,{"v":10.631229235880397,"d":"10.6"}]
["Utiliza Escrituração Agrícola",162,null,{"v":17.940199335548172,"d":"17.9"}]
["Acessa Internet p/ Fins na Agropecuária",150,null,{"v":16.611295681063122,"d":"16.6"}]
["Utiliza Computador nas Atividades Agropecuárias",167,null,{"v":18.49390919158361,"d":"18.5"}]
["Utiliza Energia Elétrica Para Uso na Atividade Agrícola",761,null,{"v":84.27464008859357,"d":"84.3"}]
["Utiliza Energia Alternativa",5,null,{"v":0.5537098560354374,"d":"0.6"}]
["Realiza Análise de Solo, quando necessário",302,null,{"v":33.44407530454042,"d":"33.4"}]
["Realiza Calagem",191,null,{"v":21.151716500553707,"d":"21.2"}]
["Utiliza Práticas de Conservação de Solo, quando necessário",412,null,{"v":45.625692137320044,"d":"45.6"}]
["Faz Adubação Mineral, quando necessário",478,null,{"v":52.93466223698781,"d":"52.9"}]
["Faz Adubação Orgânica, quando necessário",442,null,{"v":48.94795127353267,"d":"48.9"}]
["Faz Adubação Verde, quando necessário",23,null,{"v":2.5470653377630126,"d":"2.5"}]
["Utiliza Manejo Integrado de Pragas (MIP)",8,null,{"v":0.8859357696567,"d":"0.9"}]
["Utiliza Hidroponia","-",null,"-"]
["Utiliza Cultivo em Estufa",25,null,{"v":2.7685492801771874,"d":"2.8"}]
["Utiliza Mudas Fiscalizadas",287,null,{"v":31.782945736434108,"d":"31.8"}]
["Utiliza Semente Melhorada",402,null,{"v":44.518272425249165,"d":"44.5"}]
["Faz Confinamento de Bovinos",16,null,{"v":1.7718715393134,"d":"1.8"}]
["Utiliza Pastejo Intensivo",354,null,{"v":39.20265780730897,"d":"39.2"}]
["Faz Inseminação Artificial",21,null,{"v":2.3255813953488373,"d":"2.3"}]
["Faz Mineralização do Rebanho",451,null,{"v":49.944629014396455,"d":"49.9"}]
["Faz Vermifugação do Rebanho",451,null,{"v":49.944629014396455,"d":"49.9"}]
["Possui Parceiros /Arrendatários na Exploração Animal",195,null,{"v":21.59468438538206,"d":"21.6"}]
["Existência de trabalhadores c/ deficiência na UPA","-",null,"-"]
["Esporte e lazer",12,null,{"v":1.3289036544850499,"d":"1.3"}]
["Extração mineral",15,null,{"v":1.6611295681063123,"d":"1.7"}]
["Hotel Fazenda, Pousada ou SPA",1,null,{"v":0.1107419712070875,"d":"0.1"}]
["Pesque-pague",5,null,{"v":0.5537098560354374,"d":"0.6"}]
["Restaurante ou Lanchonete",6,null,{"v":0.6644518272425249,"d":"0.7"}]
["Transformação artesanal",3,null,{"v":0.33222591362126247,"d":"0.3"}]
["Turismo rural ou ecoturismo",1,null,{"v":0.1107419712070875,"d":"0.1"}]
["Outras atividades econômicas rurais",5,null,{"v":0.5537098560354374,"d":"0.6"}]
["Agroindústria",12,null,{"v":1.3289036544850499,"d":"1.3"}]
["Proprietário sem instrução ou com instrução incompleta",19,null,{"v":2.104097452934662,"d":"2.1"}]
["Proprietário com antigo primário completo",287,null,{"v":31.782945736434108,"d":"31.8"}]
["Proprietário com 1° grau (ou antigo ginasial) completo",132,null,{"v":14.617940199335548,"d":"14.6"}]
["Proprietário com 2° grau (ou antigo colegial) completo",205,null,{"v":22.702104097452935,"d":"22.7"}]
["Proprietário com curso superior completo ",221,null,{"v":24.473975636766333,"d":"24.5"}]
["Pessoa Jurídica",39,null,{"v":4.318936877076412,"d":"4.3"}]
["Proprietário residente na própria UPA ",280,null,{"v":31.007751937984498,"d":"31.0"}]
["Fonte: Secretaria de Agricultura e Abastecimento, CDRS/IEA, Projeto LUPA."]
[]
["TABELA 258.5 - Área Cultivada, Município de Itapira, Estado de São Paulo, 2016/17."]
["CULTURA","N.DE UPAs","MÍNIMO","MÉDIO","MÁXIMO","TOTAL"]
["Braquiaria",631,0.1,{"v":30.17,"d":"30.2"},710.7,{"v":19038.8,"d":"19,038.8"}]
["Cana-de-acucar finalidade industria",39,2.9,{"v":115.33,"d":"115.3"},{"v":1232,"d":"1,232.0"},{"v":4497.9,"d":"4,497.9"}]
["Eucalipto",195,0.1,13.4,{"v":240,"d":"240.0"},{"v":2612.3,"d":"2,612.3"}]
["Cana-de-acucar outras finalidades",146,0.1,{"v":16.66,"d":"16.7"},{"v":464,"d":"464.0"},{"v":2433,"d":"2,433.0"}]
["Milho safra",217,0.1,{"v":8.32,"d":"8.3"},{"v":140,"d":"140.0"},{"v":1806.2,"d":"1,806.2"}]
["Gramas",158,0.1,{"v":10.47,"d":"10.5"},{"v":100,"d":"100.0"},{"v":1653.7,"d":"1,653.7"}]
["Cafe",126,0.2,{"v":11.51,"d":"11.5"},{"v":300,"d":"300.0"},{"v":1449.9,"d":"1,449.9"}]
["Laranja Industria",9,13.6,{"v":77.74,"d":"77.7"},217.1,699.7]
["Coloniao",14,0.2,{"v":14.69,"d":"14.7"},{"v":131,"d":"131.0"},205.6]
["Outras gramineas para pastagem",25,0.4,{"v":6.94,"d":"6.9"},33.3,173.4]
["Capim-napier (ou capim-elefante)",105,0.1,{"v":1.64,"d":"1.6"},11.6,172.3]
["Soja",4,{"v":5,"d":"5.0"},{"v":22.75,"d":"22.8"},{"v":57,"d":"57.0"},{"v":91,"d":"91.0"}]
["Mandioca",37,0.1,{"v":2.36,"d":"2.4"},24.2,87.3]
["Sorgo",5,0.7,{"v":16.56,"d":"16.6"},{"v":40,"d":"40.0"},82.8]
["Limao",11,0.5,{"v":5.05,"d":"5.1"},{"v":15,"d":"15.0"},55.5]
["Lichia",7,0.1,{"v":7.54,"d":"7.5"},{"v":35,"d":"35.0"},52.8]
["Laranja Mercado",3,5.8,11.6,19.2,34.8]
["Capim-jaragua",6,{"v":1,"d":"1.0"},5.4,11.2,32.4]
["Jilo",17,0.1,{"v":1.66,"d":"1.7"},9.6,28.2]
["Alface",28,0.1,{"v":1,"d":"1.0"},{"v":5,"d":"5.0"},28.1]
["Pomar domestico",45,0.1,{"v":0.58,"d":"0.6"},{"v":3,"d":"3.0"},26.3]
["Outras olericolas",25,0.1,{"v":0.94,"d":"0.9"},4.6,23.4]
["Abobora (ou jerimum)",29,0.1,{"v":0.74,"d":"0.7"},1.8,21.6]
["Abacate",4,0.6,{"v":5.23,"d":"5.2"},{"v":15,"d":"15.0"},20.9]
["Milho-silagem",3,0.1,6.5,12.1,19.5]
["Banana",21,0.1,{"v":0.81,"d":"0.8"},{"v":5,"d":"5.0"},17.1]
["Outras florestais",4,0.1,3.8,{"v":10,"d":"10.0"},15.2]
["Maracuja",6,0.2,{"v":2.45,"d":"2.5"},{"v":7,"d":"7.0"},14.7]
["Setaria",2,{"v":3,"d":"3.0"},{"v":6.25,"d":"6.3"},9.5,12.5]
["Manga",5,0.5,{"v":2.16,"d":"2.2"},7.5,10.8]
["Tomate envarado",11,0.1,{"v":0.86,"d":"0.9"},{"v":5,"d":"5.0"},9.5]
["Sorgo-vassoura",12,0.1,{"v":0.74,"d":"0.7"},2.4,8.9]
["Uva rustica",6,0.2,{"v":1.42,"d":"1.4"},2.7,8.5]
["Pepino",13,0.1,{"v":0.65,"d":"0.7"},2.4,8.4]
["Outras frutiferas",5,0.1,{"v":1.64,"d":"1.6"},4.8,8.2]
["Quiabo",13,0.1,{"v":0.56,"d":"0.6"},1.2,7.3]
["Feijao",8,0.1,{"v":0.85,"d":"0.9"},2.4,6.8]
["Couve (ou couve-crespa)",15,0.1,{"v":0.42,"d":"0.4"},1.4,6.3]
["Feijao-guandu (ou guandu, ou andu)",1,{"v":6,"d":"6.0"},{"v":6,"d":"6.0"},{"v":6,"d":"6.0"},{"v":6,"d":"6.0"}]
["Couve-flor",12,0.1,{"v":0.48,"d":"0.5"},1.6,5.7]
["Chicoria (ou chicoria-de-folha-crespa)",13,0.1,{"v":0.37,"d":"0.4"},1.5,4.8]
["Feijao-vagem (ou vagem, ou feijao-verde)",3,0.3,{"v":1.57,"d":"1.6"},2.4,4.7]
["Berinjela",8,0.1,{"v":0.58,"d":"0.6"},{"v":1,"d":"1.0"},4.6]
["Laranja destino misto",7,0.1,{"v":0.66,"d":"0.7"},2.4,4.6]
["Arroz",2,0.3,{"v":2.15,"d":"2.2"},{"v":4,"d":"4.0"},4.3]
["Repolho",5,0.1,{"v":0.54,"d":"0.5"},1.6,2.7]
["Brocolos (ou brocolis)",9,0.1,0.3,1.5,2.7]
["Cebolinha",11,0.1,{"v":0.24,"d":"0.2"},1.1,2.6]
["Goiaba",6,0.1,{"v":0.43,"d":"0.4"},0.8,2.6]
["Pimentao",4,0.1,{"v":0.63,"d":"0.6"},1.2,2.5]
["Pinus",1,2.4,2.4,2.4,2.4]
["Pupunha",1,{"v":2,"d":"2.0"},{"v":2,"d":"2.0"},{"v":2,"d":"2.0"},{"v":2,"d":"2.0"}]
["Inhame",1,{"v":2,"d":"2.0"},{"v":2,"d":"2.0"},{"v":2,"d":"2.0"},{"v":2,"d":"2.0"}]
["Macadamia (ou noz-macadamia)",1,{"v":2,"d":"2.0"},{"v":2,"d":"2.0"},{"v":2,"d":"2.0"},{"v":2,"d":"2.0"}]
["Viveiro de flores e ornamentais",3,0.2,{"v":0.63,"d":"0.6"},1.5,1.9]
["Tangerina",2,0.8,0.9,{"v":1,"d":"1.0"},1.8]
["Pimenta",3,0.1,{"v":0.43,"d":"0.4"},{"v":1,"d":"1.0"},1.3]
["Cebola",1,1.2,1.2,1.2,1.2]
["Bambu",1,{"v":1,"d":"1.0"},{"v":1,"d":"1.0"},{"v":1,"d":"1.0"},{"v":1,"d":"1.0"}]
["Viveiro de cafe",2,0.2,0.5,0.8,{"v":1,"d":"1.0"}]
["Acelga",3,0.2,{"v":0.33,"d":"0.3"},0.5,{"v":1,"d":"1.0"}]
["Sorgo-forrageiro",1,{"v":1,"d":"1.0"},{"v":1,"d":"1.0"},{"v":1,"d":"1.0"},{"v":1,"d":"1.0"}]
["Horta domestica",3,0.1,{"v":0.23,"d":"0.2"},0.5,0.7]
["Teca",1,0.7,0.7,0.7,0.7]
["Uva para Indústria",1,0.6,0.6,0.6,0.6]
["Painco",1,0.6,0.6,0.6,0.6]
["Fumo",1,0.6,0.6,0.6,0.6]
["Floricultura para vaso",1,0.5,0.5,0.5,0.5]
["Abacaxi (ou ananas)",1,0.5,0.5,0.5,0.5]
["Floricultura para corte",1,0.5,0.5,0.5,0.5]
["Feijao-de-corda",1,0.5,0.5,0.5,0.5]
["Acerola (ou cereja-das-antilhas)",1,0.5,0.5,0.5,0.5]
["Beterraba",3,0.1,{"v":0.13,"d":"0.1"},0.2,0.4]
["Cenoura",2,0.1,0.1,0.1,0.2]
["Chuchu",1,0.2,0.2,0.2,0.2]
["Viveiro de florestais",1,0.2,0.2,0.2,0.2]
["Batata-doce",1,0.1,0.1,0.1,0.1]
["Espinafre (ou espinafre-europeu)",1,0.1,0.1,0.1,0.1]
["Cogumelo",1,0.1,0.1,0.1,0.1]
["Morango",1,0.1,0.1,0.1,0.1]
["Fonte: Secretaria de Agricultura e Abastecimento, CDRS/IEA, Projeto LUPA."]